مثنوي مولانا جلال الدين الرومي.;; ،Mathnawī Mawlānā Jalāl al-Dīn al-Rūmī. (Record no. 82441)
[ view plain ]
| 000 -LEADER | |
|---|---|
| fixed length control field | 01767cam a22003257a 4500 |
| 001 - CONTROL NUMBER | |
| control field | 82441 |
| 003 - CONTROL NUMBER IDENTIFIER | |
| rucl marc code | BD-RjUL |
| 005 - DATE AND TIME OF LATEST TRANSACTION | |
| control field | 20231211122225.0 |
| 008 - FIXED-LENGTH DATA ELEMENTS--GENERAL INFORMATION | |
| fixed length control field | 010405s1992 ua b 00010 ara |
| 035 ## - SYSTEM CONTROL NUMBER | |
| System control number | (BD-RjUL)82441 |
| 040 ## - CATALOGING SOURCE | |
| Original cataloging agency | DLC-R |
| Transcribing agency | DLC-R |
| Modifying agency | DLC |
| Language of cataloging | eng |
| 041 1# - LANGUAGE CODE | |
| Language code of text/sound track or separate title | ara |
| Language code of original | per |
| 082 ## - DEWEY DECIMAL CLASSIFICATION NUMBER | |
| Edition number | 23 |
| Classification number | 891.551 |
| Author mark and year | RUM 1992 |
| 100 0# - MAIN ENTRY--PERSONAL NAME | |
| Personal name | جلال الدين رومي، ;; Jalāl al-Dīn Rūmī, |
| Dates associated with a name | 1207-1273. |
| 9 (RLIN) | 10450 |
| 245 10 - TITLE STATEMENT | |
| Title | مثنوي مولانا جلال الدين الرومي.;; ،Mathnawī Mawlānā Jalāl al-Dīn al-Rūmī. |
| Number of part/section of a work | الكتاب الثالث / al-Kitāb al-thālith / |
| Statement of responsibility, etc. | ترجمه وشرحه وقدم له إبراهيم الدسوقى شتا. tarjamahu wa-sharaḥahu wa-qaddama la-hu Ibrāhīm al-Dasūqī Shitā. |
| 250 ## - EDITION STATEMENT | |
| Edition statement | al-Ṭabʻah 1. |
| 260 ## - PUBLICATION, DISTRIBUTION, ETC. (IMPRINT) | |
| Place of publication, distribution, etc. | مدينة نصر، القاهرة : Madinat Naṣr, al-Qāhirah : |
| Name of publisher, distributor, etc. | الزهراء للٳعلام العربي، ;; al-Zahrāʼ lil-Iʻlām al-ʻArabī, |
| Date of publication, distribution, etc. | 1992. |
| 300 ## - PHYSICAL DESCRIPTION | |
| Pagination | 326 p. ; |
| Size | 24 cm. |
| 504 ## - BIBLIOGRAPHY, ETC. NOTE | |
| Bibliography, etc | Includes bibliographical references. |
| 650 #0 - SUBJECT ADDED ENTRY--TOPICAL TERM | |
| Topical term or geographic name as entry element | Sufi poetry, Persian |
| 9 (RLIN) | 10451 |
| 700 1# - ADDED ENTRY--PERSONAL NAME | |
| Personal name | شتا،ابراهيم الدسوقي. ;; Shitā, Ibrāhīm al-Dasūqī. |
| 880 0# - ALTERNATE GRAPHIC REPRESENTATION | |
| Linkage | 100-01/(3/r |
| a | جلال الدين رومي، |
| c | مولانا. |
| Linkage | 240-02/(3/r |
| a | مثنوي. |
| n | كتاب 3. |
| l | Arabic |
| Linkage | 245-03/(3/r |
| a | مثنوي مولانا جلال الدين الرومي. |
| n | الكتاب الثالث / |
| c | ترجمه وشرحه وقدم له إبراهيم الدسوقى شتا. |
| Linkage | 250-04/(3/r |
| a | الطبعة 1. |
| Linkage | 260-05/(3/r |
| a | مدينة نصر، القاهرة : |
| b | الزهراء للٳعلام العربي، |
| c | 1992. |
| 942 ## - ADDED ENTRY ELEMENTS (KOHA) | |
| Source of classification or shelving scheme | Dewey Decimal Classification |
| Koha item type | Books |
| Lost status | Source of classification or shelving scheme | Damaged status | Not for loan | Collection code | Permanent Location | Current Location | Shelving location | Date acquired | Source of acquisition | Full call number | Date last seen | Copy number | Koha item type |
|---|---|---|---|---|---|---|---|---|---|---|---|---|---|
| Dewey Decimal Classification | Not For Loan | Non-fiction | Central Library, University of Rajshahi | Central Library, University of Rajshahi | Reading Room | 08/10/1974 | Rajshahi | F 891.551 RUM 1992 | 11/12/2023 | C-1 | Books |